| 000 | 00453nam a2200133 4500 | ||
|---|---|---|---|
| 999 |
_c606 _d606 |
||
| 020 | _a9290811382 | ||
| 050 |
_aSH1 _b.B35 |
||
| 100 |
_aBaijot, Etienne _aMoreau, Jacques _aBouda, Sana |
||
| 245 |
_aHydrobiological aspects of fisheries in small reservoirs in the Sahel region _cEtienne Baijot, Jacques Moreau and Sana Bouda |
||
| 260 |
_aUK : _bProost, _c1997 |
||
| 300 |
_a238 pages : _bcolor illustartions |
||
| 650 | _afishers -- hydrobiological | ||
| 942 | _cBK | ||